书目信息 |
| 题名: |
园林绿化树种手册
|
|
| 作者: | 蒋永明 , 翁智林 编著 | |
| 分册: | ||
| 出版信息: | 上海 上海科学技术出版社 2002.09 |
|
| 页数: | 355页, 96页图版 | |
| 开本: | 21cm | |
| 丛书名: | ||
| 单 册: | ||
| 中图分类: | S79-62 | |
| 科图分类: | ||
| 主题词: | 园林--树种--手册 | |
| 电子资源: | ||
| ISBN: | 7-5323-6188-8 | |
| 000 | 00863nam0 2200241 450 | |
| 001 | 0149996390 | |
| 005 | 20051019152619.21 | |
| 010 | @a7-5323-6188-8@b精装@dCNY42.00 | |
| 100 | @a20051019d2002 km y0chiy0120 ea | |
| 101 | 0 | @achi |
| 102 | @aCN@b310000 | |
| 105 | @aaf a 001yy | |
| 200 | 1 | @a园林绿化树种手册@Ayuan lin lu hua shu zhong shou ce@f蒋永明, 翁智林编著@Fjiang yong ming,weng zhi lin bian zhu |
| 210 | @a上海@c上海科学技术出版社@d2002.09 | |
| 215 | @a355页, 96页图版@c图@d21cm | |
| 320 | @a有书目 (第355页) 和索引。 | |
| 330 | @a本书收录了传统园林树种和新优树种700余种,每一树种分别介绍了形态特征、地理分布、生态习性、栽培管理、园林用途等。 | |
| 606 | 0 | @a园林@x树种@j手册 |
| 690 | @aS79-62@v4 | |
| 701 | 0 | @a蒋永明@Ajiang yong ming@4编著 |
| 701 | 0 | @a翁智林@Aweng zhi lin@4编著 |
| 801 | 0 | @aCN@bQSSK@c20051019 |
| 905 | @a10447@dS79-62@eJ604 | |
| 园林绿化树种手册/蒋永明, 翁智林编著.-上海:上海科学技术出版社,2002.09 |
| 355页, 96页图版:图;21cm |
| ISBN 7-5323-6188-8(精装):CNY42.00 |
| 本书收录了传统园林树种和新优树种700余种,每一树种分别介绍了形态特征、地理分布、生态习性、栽培管理、园林用途等。 |
| ● |
| 相关链接 |
|
|
|
正题名:园林绿化树种手册
索取号:S79-62/J604
 
预约/预借
| 序号 | 登录号 | 条形码 | 馆藏地/架位号 | 状态 | 备注 |
| 1 | 575158 | 205751587 | 自科库401/401自科库 1排3列5层/ [索取号:S79-62/J604] | 在馆 | |
| 2 | 575159 | 205751596 | 自科库401/401自科库 1排3列5层/ [索取号:S79-62/J604] | 在馆 | |
| 3 | 575160 | 205751603 | 自科库401/401自科库 1排3列5层/ [索取号:S79-62/J604] | 在馆 |